Statistiques concernant Le Monde par lettre - I

Cliquez ici pour prendre le quiz!

Statistiques générales

  • Ce quiz a été pris 371 fois
  • Le résultat moyen est 10 sur 15

Statistiques - réponses

IndicesRéponses% Correct
Quelqu'un de stupide en 5 lettresIdiot
95%
En conflit avec la PalestineIsraël
94%
Deuxième plus grande religion du mondeIslam
89%
Sorte de lézardIguane
85%
Pays avec lequel les États-Unis ont eu des tensions au début de 2020Iran
84%
Quatrième pays le plus peuplé du mondeIndonésie
82%
Île proche du Groenland commençant par IIslande
78%
Réseau social développé par Meta PlateformsInstagram
73%
Plus gros État américain commençant par IIdaho
62%
Seule capitale commençant par IIslamabad
51%
Langue la plus parlée commençant par IItalien
49%
Prénom de la première femme de Donald Trump d'origine tchèqueIvana
42%
Ville la plus peuplée aux États-Unis commençant par IIndianapolis
40%
Troisième prénom féminin le plus populaire aux États-UnisIsabella
28%
On l'utilise tous les joursInternet
19%

Distribution des résultats

Percentile par nombre de réponses

% des personnes avec chaque résultat

Votre développement - résultats

Vous n’avez pas pris ce quiz